L K Ananthakrishna Iyer / (Record no. 127076)

MARC details
000 -LEADER
fixed length control field 00700nam a22002297a 4500
005 - DATE AND TIME OF LATEST TRANSACTION
control field 20170124110019.0
010 ## - LIBRARY OF CONGRESS CONTROL NUMBER
LC control number A-943093
020 ## - INTERNATIONAL STANDARD BOOK NUMBER
Terms of availability 00.00
035 ## - SYSTEM CONTROL NUMBER
System control number A-943093
037 ## - SOURCE OF ACQUISITION
Source of stock number/acquisition Cen Lib/Ret
040 ## - CATALOGING SOURCE
Original cataloging agency DPL
Language of cataloging EN
082 ## - DEWEY DECIMAL CLASSIFICATION NUMBER
Classification number 301
Item number LKA
245 ## - TITLE STATEMENT
Title L K Ananthakrishna Iyer /
Statement of responsibility, etc by L. A. Ramdas...[et al.].
260 ## - PUBLICATION, DISTRIBUTION, ETC. (IMPRINT)
Place of publication, distribution, etc Varanasi
Name of publisher, distributor, etc N K Bose Memorial Foundation
Date of publication, distribution, etc 1988
270 ## - ADDRESS
City Varanasi
Address B-8/9, Bara Gmbhir Singh
Postal code 221001
300 ## - PHYSICAL DESCRIPTION
Extent 40p.
Dimensions 23cm(Hb)
500 ## - GENERAL NOTE
General note Includes bibliographical references<br/>
650 ## - SUBJECT ADDED ENTRY--TOPICAL TERM
Topical term or geographic name as entry element Ethnology -- India
9 (RLIN) 18472
650 ## - SUBJECT ADDED ENTRY--TOPICAL TERM
Topical term or geographic name as entry element India -- Social life and customs
9 (RLIN) 19333
700 ## - ADDED ENTRY--PERSONAL NAME
Personal name Ramdas, L. A.
9 (RLIN) 19334
942 ## - ADDED ENTRY ELEMENTS (KOHA)
Source of classification or shelving scheme Dewey Decimal Classification
Koha item type English Books
Classification part 301
Call number suffix LKA
Holdings
Withdrawn status Lost status Damaged status Not for loan Home library Current library Date acquired Source of acquisition Cost, normal purchase price Total Checkouts Full call number Barcode Date last seen Copy number Cost, replacement price Price effective from Koha item type Public note
Written off       Central Library Central Library 27/06/2015 Cen Lib/Ret 0.00   301 LKA A-943093 27/06/2015 1 0.00 27/06/2015 English Books W/d list no. 6834/23

© Delhi Public Library
Hit Counter
free hit counter